Narratives and Comparisons (Record no. 20679)
[ view plain ]
| 000 -LEADER | |
|---|---|
| fixed length control field | 00672nam a2200121Ia 4500 |
| 008 - FIXED-LENGTH DATA ELEMENTS--GENERAL INFORMATION | |
| fixed length control field | 220616s9999||||xx |||||||||||||| ||und|| |
| 245 #0 - TITLE STATEMENT | |
| Title | Narratives and Comparisons |
| Remainder of title | Adversaries or Allies in Understanding Science? |
| 546 ## - LANGUAGE NOTE | |
| Language note | English[eng] |
| 650 ## - SUBJECT ADDED ENTRY--TOPICAL TERM | |
| Topical term or geographic name entry element | Comparison||Narrative||Explanation||History of Science||History of Art||Science||Philosophy of Science||Sociology of Science||Literary Studies||Bielefeld University Press |
| 700 ## - ADDED ENTRY--PERSONAL NAME | |
| Personal name | Carrier, Martin||Mertens, Rebecca||Reinhardt, Carsten |
| 856 ## - ELECTRONIC LOCATION AND ACCESS | |
| Uniform Resource Identifier | <a href="https://library.oapen.org/bitstream/20.500.12657/47377/1/9783839454152.pdf||https://library.oapen.org/bitstream/20.500.12657/47377/1/9783839454152.pdf">https://library.oapen.org/bitstream/20.500.12657/47377/1/9783839454152.pdf||https://library.oapen.org/bitstream/20.500.12657/47377/1/9783839454152.pdf</a> |
| 942 ## - ADDED ENTRY ELEMENTS (KOHA) | |
| Koha item type | E-Books |
| Withdrawn status | Lost status | Damaged status | Not for loan | Home library | Current library | Date acquired | Total Checkouts | Date last seen | Price effective from | Koha item type |
|---|---|---|---|---|---|---|---|---|---|---|
| Kerala University of Digital Sciences, Innovation and Technology Knowledge Centre | Kerala University of Digital Sciences, Innovation and Technology Knowledge Centre | 16/06/2022 | 16/06/2022 | 16/06/2022 | E-Books |